00620nam a2200193Ia 4500008004100000020001500041082000800056100003000064245006600094250000600160260003900166300001800205500002400223650001400247700005100261942000700312952009000319999001700409230524s9999 xx 000 0 und d a8188237965 bMUK aAmalendu Mukherjee942936 0a"Bond Graph in Modelling,Simulation and Fault Identification" a1 aNew DelhibI.K.Internationalc2014 a"XVIII,619p;" aQuantity Number: 1 aMechanics aRanjit Karmakar & Arun Kumar Samantaray942937 cBK 00104070aTATCLbTATCLcGENd2023-05-24l0o MUKp54192r2023-05-24w2023-05-24yBK c57899d57899